Goście na płycie Quebonafide - Romantic Psycho - Statystyki

Ogólne statystyki
  • Ten quiz został rozwiązany 266 razy
  • Średni wynik to 11 z 15
Statystyki odpowiedzi
Piosenka Gość % Poprawnych
Aspartam Mata
91%
Jesień Natalia Szroeder
91%
Tokyo2020 Taco Hemingway
91%
RomanticPsycho Taco Hemingway
87%
BubbleTea Daria Zawiałow
84%
NiePłaczęPoNotreDame Bedoes
83%
TęsknięZaStarymKanye Natalia Szroeder
78%
Gazprom Sokół
76%
ŚwiatToMójPlacZabaw Sentino
71%
ZłoteGloby Kukon
62%
Łajza Mrozu
60%
ToWszystkoByłoDlaCiebie Ralph Kamiński
57%
RumpelStilSkin Vito Bambino
44%
CoJestMałpy Smarki Smark
41%
AJetlagMójNowyDrag Kiełas
40%
Nie znaleziono quizów pasujących do podanych kryteriów
Rozkład punktacji
Procent ludzi z każdym wynikiem
Percentyl według liczby udzielonych odpowiedzi
Twoja historia wyników
Nie rozwiązałeś tego quizu